书目信息 |
| 题名: |
9进数阵析解自然数理并证哥德巴赫猜想
|
|
| 作者: | 谭仕芬 著 | |
| 分册: | ||
| 出版信息: | 长春 吉林科学技术出版社 2017.5 |
|
| 页数: | 128页 | |
| 开本: | 26cm | |
| 丛书名: | ||
| 单 册: | ||
| 中图分类: | O156.2 | |
| 科图分类: | ||
| 主题词: | 哥德巴赫猜想--研究 | |
| 电子资源: | ||
| ISBN: | 978-7-5384-9492-1 | |
| 000 | 00968nam0 2200241 450 | |
| 001 | 0400001246 | |
| 005 | 20171015152326.0 | |
| 010 | @a978-7-5384-9492-1@dCNY40.00 | |
| 100 | @a20160225d2017 em y0chiy50 ea | |
| 101 | 0 | @achi |
| 102 | @aCN@b220000 | |
| 105 | @ay z 000yy | |
| 106 | @ar | |
| 200 | 1 | @a9进数阵析解自然数理并证哥德巴赫猜想@99 jin shu zhen xi jie zi ran shu li bing zheng ge de ba he cai xiang@f谭仕芬著 |
| 210 | @a长春@c吉林科学技术出版社@d2017.5 | |
| 215 | @a128页@d26cm | |
| 320 | @a有书目(第128页) | |
| 330 | @a本书内容涵盖9进自然数列阵的发现和析解;运用9进数列阵创新性地析解自然数数理,并形成较为完整的9进自然数数理基础体系;C(素数)与C-C数数位循环周期的明确及素数简易求解法;河图、洛书、九宫格数象公式的正确认读;M/2极值原理;M-G筛法、G-G筛法最大极限组合的G-M-G数对等。 | |
| 606 | 0 | @a哥德巴赫猜想@x研究 |
| 690 | @aO156.2@v5 | |
| 701 | 0 | @a谭仕芬@9tan shi fen@4著 |
| 801 | 0 | @aCN@b91MARC@c20171015 |
| 905 | @b1020619-23@dO156.2@f5@e113 | |
| 9进数阵析解自然数理并证哥德巴赫猜想/谭仕芬著.-长春:吉林科学技术出版社,2017.5 |
| 128页;26cm |
| ISBN 978-7-5384-9492-1:CNY40.00 |
| 本书内容涵盖9进自然数列阵的发现和析解;运用9进数列阵创新性地析解自然数数理,并形成较为完整的9进自然数数理基础体系;C(素数)与C-C数数位循环周期的明确及素数简易求解法;河图、洛书、九宫格数象公式的正确认读;M/2极值原理;M-G筛法、G-G筛法最大极限组合的G-M-G数对等。 |
| ● |
| 相关链接 |
|
|
|
|
正题名:9进数阵析解自然数理并证哥德巴赫猜想
索取号:O156.2/113
 
预约/预借
| 序号 | 登录号 | 条形码 | 馆藏地/架位号 | 状态 | 备注 |
| 1 | 1020619 | 210206196 | 第二样本阅览室/ [索取号:O156.2/113] | 在馆 | |
| 2 | 1020620 | 210206203 | 数信系资料室/ [索取号:O156.2/113] | 在馆 | |
| 3 | 1020621 | 210206212 | 第三借阅区/ [索取号:O156.2/113] | 在馆 | |
| 4 | 1020622 | 210206221 | 第三借阅区/ [索取号:O156.2/113] | 在馆 | |
| 5 | 1020623 | 210206230 | 第三借阅区/ [索取号:O156.2/113] | 在馆 |